Effect of utilizing fertilizers on ir66 rice variety at chherteal village, prek anchanh commune,mokampaul district, kandal province ប្រសិទ្ធិភាពនៃការប្រើប្រាស់ជីផ្សេងៗគ្នាលើពូជស្រូវអ៊ីអ៊ែ៦៦នៅភូមិឈើទាល ឃុំព្រែកអញ្ចាញ ស្រុកមុខកំពូល ខេត្តកណ្តាល (Record no. 1088)
[ view plain ]
| 000 -LEADER | |
|---|---|
| fixed length control field | 00818nam a22001577a 4500 |
| 003 - CONTROL NUMBER IDENTIFIER | |
| control field | OSt |
| 005 - DATE AND TIME OF LATEST TRANSACTION | |
| control field | 20150922160856.0 |
| 008 - FIXED-LENGTH DATA ELEMENTS--GENERAL INFORMATION | |
| fixed length control field | 150922b xxu||||| |||| 00| 0 eng d |
| 040 ## - CATALOGING SOURCE | |
| Transcribing agency | RUA |
| 082 ## - DEWEY DECIMAL CLASSIFICATION NUMBER | |
| Classification number | AGR LON 2010 B046 Or.1 |
| 100 ## - MAIN ENTRY--PERSONAL NAME | |
| 9 (RLIN) | 1136 |
| Personal name | LONH, LENON |
| 245 ## - TITLE STATEMENT | |
| Title | Effect of utilizing fertilizers on ir66 rice variety at chherteal village, prek anchanh commune,mokampaul district, kandal province ប្រសិទ្ធិភាពនៃការប្រើប្រាស់ជីផ្សេងៗគ្នាលើពូជស្រូវអ៊ីអ៊ែ៦៦នៅភូមិឈើទាល ឃុំព្រែកអញ្ចាញ ស្រុកមុខកំពូល ខេត្តកណ្តាល |
| 260 ## - PUBLICATION, DISTRIBUTION, ETC. (IMPRINT) | |
| Place of publication, distribution, etc. | Phnom penh |
| Name of publisher, distributor, etc. | RUA |
| Date of publication, distribution, etc. | 2010 |
| 300 ## - PHYSICAL DESCRIPTION | |
| Extent | xi, 57p. |
| Other physical details | ill. |
| Dimensions | 29cm. |
| 942 ## - ADDED ENTRY ELEMENTS (KOHA) | |
| Source of classification or shelving scheme | |
| Koha item type | AGR |
| Price effective from | Date last seen | Permanent Location | Not for loan | Date acquired | Source of classification or shelving scheme | Koha item type | Lost status | Withdrawn status | Date last checked out | Total Checkouts | Shelving location | Damaged status | Barcode | Current Location | Full call number |
|---|---|---|---|---|---|---|---|---|---|---|---|---|---|---|---|
| 2015-09-22 | 2015-09-22 | Library Block B | 2015-09-22 | AGR | B046 | RUA006298 | Library Block B | AGR LON 2010 B046 Or.1 | |||||||
| 2015-09-22 | 2019-02-18 | Library Block B | 2015-09-22 | AGR | 2019-01-29 | 1 | B046 | RUA006003 | Library Block B | AGR LON 2010 B046 Or.2 | |||||
| 2015-09-22 | 2024-01-23 | Library Block B | 2015-09-22 | AGR | 2024-01-09 | 1 | B046 | RUA006447 | Library Block B | AGR LON 2010 B046 Or.3 | |||||
| 2015-09-22 | 2015-09-22 | Library Block B | 2015-09-22 | AGR | B046 | RUA006835 | Library Block B | AGR LON 2010 B046 Or.4 | |||||||
| 2015-09-22 | 2017-11-01 | Library Block B | 2015-09-22 | AGR | 2017-01-16 | 1 | B046 | RUA006332 | Library Block B | AGR LON 2010 B046 Or.5 | |||||
| 2015-09-22 | 2015-09-22 | Library Block B | 2015-09-22 | AGR | B046 | RUA008570 | Library Block B | AGR LON 2010 B046 Or.6 |